000 00330nam a2200145Ia 4500
008 210210b1884 xxu||||| |||| 00| 0 eng d
041 _aeng
082 _a825/1052
100 _aBACON
245 _aChurch
260 _aLondon
_bMacmillan & Co. Ltd.
_c1884
650 _aChurch
690 _aEnglish Criticism
906 _a015368
999 _c134728
_d134728